Pare Nostre / (Record no. 61380)

MARC details
000 -LEADER
campo de control de longitud fija 00616nam a2200217 i 4500
001 - NÚMERO DE CONTROL
campo de control 61380
003 - IDENTIFICADOR DE NÚMERO DE CONTROL
campo de control ES-MaACL
005 - FECHA Y HORA DE LA ÚLTIMA TRANSACCIÓN
campo de control 20230906164438.0
007 - CAMPO FIJO DE DESCRIPCIÓN FÍSICA--INFORMACIÓN GENERAL
campo de control de longitud fija t|
008 - DATOS DE LONGITUD FIJA--INFORMACIÓN GENERAL
campo de control de longitud fija 031111s1962 sp ||||1| cat d
100 1# - ENTRADA PRINCIPAL--NOMBRE DE PERSONA
Nombre de persona Evely, Louis.
9 (RLIN) 48385
245 10 - MENCIÓN DEL TÍTULO
Título Pare Nostre /
Mención de responsabilidad, etc. Louis Evely ; traductor, Alfons Romeu.
260 ## - PUBLICACIÓN, DISTRIBUCIÓN, ETC.
Lugar de publicación, distribución, etc. Barcelona :
Nombre del editor, distribuidor, etc. Estela,
Fecha de publicación, distribución, etc. [1962]
300 ## - DESCRIPCIÓN FÍSICA
Extensión 162 p. ;
Dimensiones 20 cm.
490 1# - MENCIÓN DE SERIE
Mención de serie Espiritualitat ;
Designación de volumen o secuencia 13
630 04 - PUNTO DE ACCESO ADICIONAL DE MATERIA--TÍTULO UNIFORME
Título uniforme Padrenuestro.
9 (RLIN) 167056
700 1# - ENTRADA AGREGADA--NOMBRE PERSONAL
Nombre de persona Romeu, Alfonso.
9 (RLIN) 99456
830 0# - PUNTO DE ACCESO ADICIONAL DE SERIE-TÍTULO UNIFORME
Título uniforme Espiritualitat ;
Designación de volumen o secuencia 13
9 (RLIN) 182793
852 ## - LOCALIZACIÓN
Ubicación ES-MaACL
Número de control de estantería C-25173
Sublocalización o colección R.50919
Holdings
Estatus retirado Estado de pérdida Estado de daño No para préstamo Biblioteca de origen Biblioteca actual Ubicación en estantería Fecha de adquisición Fuente de adquisición Total de préstamos Signatura topográfica completa Código de barras Visto por última vez Precio de reemplazo Tipo de ítem Koha
        Biblioteca del Ateneo de Madrid Biblioteca del Ateneo de Madrid Depósito 2 17/01/2008     C-25173 1064363 23/02/2023 23/02/2023 Libro impreso